Agricultural resources and environmental indicators.
| Uniform Title: | Agricultural resources and environmental indicators (United States. Department of Agriculture. Economic Research Service. Online) |
|---|---|
| Corporate Author: | |
| Format: | Government Document Serial |
| Language: | English |
| Published: |
Washington, DC :
U.S. Dept. of Agriculture, Economic Research Service
|
| Series: | Agriculture handbook (United States. Department of Agriculture)
Economic information bulletin. |
| Subjects: | |
| Online Access: | Latest issue https://purl.fdlp.gov/GPO/LPS54162 |
| Online Availability: |
|
MARC
| Tag | First Indicator | Second Indicator | Subfields |
|---|---|---|---|
| LEADER | 00000cas a2200000 a 4500 | ||
| 001 | in00002002421 | ||
| 005 | 20220106092202.0 | ||
| 006 | m o d f | ||
| 007 | cr anu|||||||| | ||
| 008 | 040924c19949999dcu x o s f0 a0eng c | ||
| 010 | |a 2004231976 | ||
| 022 | 0 | |a 2375-7019 |2 1 | |
| 035 | |a (OCoLC)ocm56568808 | ||
| 037 | |b Economic Research Service, 1800 M St., NW, Washington, DC 20036-5831 | ||
| 040 | |a GPO |b eng |c GPO |d OCLCQ |d GPA |d OCL |d OCLCQ |d OCLCO |d OCLCA |d OCLCF |d DLC |d OCLCO |d OCLCA |d GPO |d MvI | ||
| 042 | |a pcc |a nsdp | ||
| 043 | |a n-us--- | ||
| 049 | |a WWW | ||
| 050 | 1 | 0 | |a ISSN RECORD |
| 074 | |a 0024-C-26 (online) | ||
| 082 | 1 | 0 | |a 333.76/16/0973 |2 23 |
| 086 | 0 | |a A 93.47/5: | |
| 130 | 0 | |a Agricultural resources and environmental indicators (United States. Department of Agriculture. Economic Research Service. Online) | |
| 222 | 0 | |a Agricultural resources and environmental indicators |b (United States. Department of Agriculture. Economic Research Service. Online) | |
| 245 | 1 | 0 | |a Agricultural resources and environmental indicators. |
| 260 | |a Washington, DC : |b U.S. Dept. of Agriculture, Economic Research Service | ||
| 310 | |a Irregular | ||
| 336 | |a text |b txt |2 rdacontent | ||
| 337 | |a computer |b c |2 rdamedia | ||
| 338 | |a online resource |b cr |2 rdacarrier | ||
| 362 | 1 | |a Print began with Dec. 1994. | |
| 490 | 1 | |a Agricultural handbook | |
| 490 | 1 | |3 <2006>- |a Economic information bulletin | |
| 538 | |a Mode of access: Internet from the USDA ERS web site. Previously available as of 9/24/04: http://www.ers.usda.gov/publications/arei/index.htm; current access is available via PURL. | ||
| 588 | |a Description based on: 1994; title from home page (USDA website, viewed 9/24/04). | ||
| 588 | |a Latest issue consulted: 2012 (viewed Oct. 23, 2015). | ||
| 650 | 0 | |a Agricultural resources |z United States |v Periodicals. | |
| 650 | 0 | |a Agriculture |x Environmental aspects |z United States |v Periodicals. | |
| 650 | 0 | |a Environmental indicators |z United States |v Periodicals. | |
| 650 | 7 | |a Agricultural resources. |2 fast |0 (OCoLC)fst00801277 | |
| 650 | 7 | |a Agriculture |x Environmental aspects. |2 fast |0 (OCoLC)fst00801499 | |
| 650 | 7 | |a Environmental indicators. |2 fast |0 (OCoLC)fst00913102 | |
| 651 | 7 | |a United States. |2 fast |0 (OCoLC)fst01204155 | |
| 655 | 7 | |a Periodicals. |2 fast |0 (OCoLC)fst01411641 | |
| 710 | 1 | |a United States. |b Department of Agriculture. |b Economic Research Service. | |
| 776 | 0 | 8 | |i Print version: |a United States. Department of Agriculture. Economic Research Service. |t Agricultural resources and environmental indicators |x 2375-7000 |w (DLC) 95641028 |w (OCoLC)33374520 |
| 830 | 0 | |a Agriculture handbook (United States. Department of Agriculture) | |
| 830 | 0 | |a Economic information bulletin. | |
| 856 | 4 | 0 | |3 Latest issue |u https://purl.fdlp.gov/GPO/LPS54162 |t 0 |
| 856 | 4 | 0 | |u https://purl.fdlp.gov/GPO/LPS54162 |t 0 |
| 999 | f | f | |s 526a99f4-1381-3e81-a085-9eb0a264d001 |i a1a6d8f0-a4b0-3455-93f3-5bcc93a2d504 |t 0 |
| 952 | f | f | |a Texas A&M University |b College Station |c Electronic Resources |d Available Online |t 0 |e A 93.47/5: |h Superintendent of Documents classification |
| 998 | f | f | |a A 93.47/5: |t 0 |l Available Online |